000 00388nam a22001337a 4500
008 230602b xxu||||| |||| 00| 0 eng d
020 _a9789966060914
082 _a305.4
_bNJO
100 _cField Marshal Ndiritu Njoka
_d2013
245 _aGender Apartheid
_b1st World War Of Sexes
_cField Marshal Ndiritu Njoka
260 _aKenya
_bAbroad Technology
300 _a288 pages
942 _2ddc
_cBK
999 _c207
_d207